| 000 | 00467nam a2200157Ia 4500 | ||
|---|---|---|---|
| 008 | 160316s1972 xxu||||| |||| 00| 0 eng d | ||
| 082 |
_a364.380000 _bIRV-I |
||
| 100 | _aIrvine Lynn M | ||
| 245 | _aLaw, psychiatry and the mentally disorded offender.Vol. I | ||
| 250 | _a | ||
| 260 |
_aIllinois _bCharles C. Thomas _c1972 |
||
| 300 |
_a147p. _b20 cm _cxv |
||
| 365 | _bGratis | ||
| 650 | _a1.Psychiatry - Mentally Disordered Offender - Law | ||
| 700 |
_aTerry Brelje B _a |
||
| 999 |
_c3888 _d3888 |
||